000 01381na a2200361 4500
001 14726
003 MIRAKIL
005 20181213155201.0
008 160920b tu 000 0
020 _a9751936853
020 _a9751909651
035 _a14726
040 _aMilas
_btur
_cTR-AnCHP
041 _atur
_aeng
082 _a324.9561 2004
_bT95y 2005
090 _a324.9561 2004 T95y 2005
110 _aTürkiye İstatistik Kurumu (TÜİK)
222 _aYerel seçim sonuçları 2004
245 _aMahalli idareler seçimi sonuçları
_b28.03.2004= The results of elections of local administration.
_cBaşbakanlık Devlet İstatistik Enstitüsü Başkanlığı
246 _a28 Mart 2004 mahalli idareler genel seçimleri
246 _aResults of elections of local administration
260 _aAnkara
_bDevlet İstatistik Enstitüsü (DİE)
_c2005
300 _axiii, 645 s.
_btbl.
_c27 sm.
490 _aDevlet İstatistik Enstitüsü
_v2935
546 _aMetinler Türkçe-İngilizce karşılıklıdır.
650 _aSeçimler
_xİstatistikler
_zTürkiye
650 _aSiyasal partiler
_x2004-2009
_zTürkiye
650 _aYerel yönetimler
_xSeçimler
_zTürkiye
650 _aYerel seçimler
_yİstatistikler
_zTürkiye
651 _aTürkiye
_xYerel seçimler, 2004
_yİstatistikler
651 _aTürkiye
_xYerel yönetim
_y2004-2009
942 _2ddc
_cBKS
999 _c8134
_d8134